000 00873cam a2200253 a 4500
001 000011626
005 20200929162516.0
008 000720s1995 ck a b 001 0 spa
020 _a9589574203
040 _aDO-SdBNP
_bspa
_cDLC
_dDLC
_dBNPHU
042 _apcc
043 _as-ck---
082 _a627.9861
_bL925e
100 1 _aLópez Cualla, Ricardo Alfredo.
_927519
245 1 0 _aElementos de diseño para acueductos y alcantarillados /
_cRicardo Alfredo López Cualla.
260 _aSantafé de Bogotá :
_bEscuela Colombiana de Ingeniería,
_c1995.
300 _a388 p. :
_bil. ;
_c25 cm.
504 _aIncluye referencias bibliográficas (p. [367] -368)
650 4 _aEstructuras hidráulicas
_zColombia
_927520
650 4 _aAcueducto
_zColombia
_927521
650 4 _aAlcantarillado
_zColombia
_927522
910 _aCatalogación por copia / LC
049 _aBNGR
999 _c11319
_d11319